000 00317nam a22001337a 4500
008 170524b xxu||||| |||| 00| 0 eng d
020 _a9780130658449
041 _aeng
080 _22ND
_a62
100 _a26
101 _aIM
245 _aINTRODUCTION TO ENGINEERING EXPERIMENTATION
_cWHEELER,A.J
942 _2udc
_cBK
999 _c14035
_d14035